• 首页
  • 本馆介绍
  • 公告通知
  • 最新文献
  • 馆藏检索
  • 电子资源
  • 读者导购
  • 参考咨询
  • 我的图书馆
  • 登录
  • 详细信息显示
  • 放入我的书架
  • 预约/预借图书
  • 作者相关作品
  • 分类相关作品
  • 丛书相关作品
  • 出版社相关作品

书目信息

  • 表格格式
  • 工作单格式
  • 卡片格式
题名:
无线电遥控电动模型飞机
    
 
作者: 陆耀华 著
分册:  
出版信息: 北京   航空工业出版社  2008
页数: 169页
开本: 23cm
丛书名: 新世纪航空模型运动丛书
单 册:
中图分类: G875.3
科图分类:
主题词: 无线电遥控--模型飞机(航空模型运动) , 无线电遥控 , 模型飞机(航空模型运动)
电子资源:
ISBN: 978-7-80243-205-5
000 01170oam2 2200289 45
001 1130703062
005 20110310095658.59
010    @a978-7-80243-205-5@dCNY26.00
100    @a20110122e20102008ekmy0chiy0120 ea
101 0  @achi
102    @aCN@b110000
105    @aa z 000yy
106    @ar
200 1  @a无线电遥控电动模型飞机@AWu Xian Dian Yao Kong Dian Dong Mo Xing Fei Ji@f陆耀华著@FLu Yao Hua Zhu
210    @a北京@c航空工业出版社@d2008@h2010
215    @a169页@c图@d23cm
225 2  @a新世纪航空模型运动丛书
304    @a中国航空运动协会组织编写
330    @a本书主要介绍了现代新兴的无线电遥控电动模型飞机的各方面基础知识,对从电池和电机及各种专用设备开始,到各类固定翼遥控电动模型飞机设计上方方面面的知识做了广泛探讨,介绍了国内、国外遥控电动模型飞机的竞赛规则和技术状况以及初学者入门训练的方法,最后介绍了作者在遥控电动模型滑翔机竞技比赛中的实践经验和图样。
461  0 @12001 @a新世纪航空模型运动丛书
606 0  @a无线电遥控@x模型飞机(航空模型运动)
606 0  @a无线电遥控
606 0  @a模型飞机(航空模型运动)
690    @aG875.3@v4
701  0 @a陆耀华@ALu Yao Hua@4著
801  0 @aCN@bTANGWEI@c20110310
905    @b0531465-68@dG875.3@e79@f4
    
    无线电遥控电动模型飞机/陆耀华著.-北京:航空工业出版社,2008(2010)
    169页:图;23cm.-(新世纪航空模型运动丛书)
    
    
    ISBN 978-7-80243-205-5:CNY26.00
    本书主要介绍了现代新兴的无线电遥控电动模型飞机的各方面基础知识,对从电池和电机及各种专用设备开始,到各类固定翼遥控电动模型飞机设计上方方面面的知识做了广泛探讨,介绍了国内、国外遥控电动模型飞机的竞赛规则和技术状况以及初学者入门训练的方法,最后介绍了作者在遥控电动模型滑翔机竞技比赛中的实践经验和图样。
●
相关链接 在E读中查询图书 在五车中查询图书 在当当中查询图书 在豆瓣中查询图书


正题名:无线电遥控电动模型飞机     索取号:G875.3/79         预约/预借

序号 登录号 条形码 馆藏地/架位号 状态 备注
1 0531465   205314658   第一样本阅览室/ [索取号:G875.3/79] 在馆    
2 0531466   205314667   第四借阅区/ [索取号:G875.3/79] 在馆    
3 0531467   205314676   第四借阅区/ [索取号:G875.3/79] 在馆    
4 0531468   205314685   第四借阅区/ [索取号:G875.3/79] 在馆    
唐山师范学院图书馆 欢迎您!
大连网信软件有限公司© 版权所有